Duque de Windsor (Record no. 58585)

MARC details
000 -LEADER
campo de control de longitud fija 00631nam a2200193 i 4500
001 - NÚMERO DE CONTROL
campo de control 58585
003 - IDENTIFICADOR DE NÚMERO DE CONTROL
campo de control ES-MaACL
005 - FECHA Y HORA DE LA ÚLTIMA TRANSACCIÓN
campo de control 20251015164826.0
007 - CAMPO FIJO DE DESCRIPCIÓN FÍSICA--INFORMACIÓN GENERAL
campo de control de longitud fija t|
008 - DATOS DE LONGITUD FIJA--INFORMACIÓN GENERAL
campo de control de longitud fija 031023s1960 sp ||||1| spa d
100 0# - ENTRADA PRINCIPAL--NOMBRE DE PERSONA
Nombre de persona Eduardo
Numeración VIII,
Títulos y otros términos asociados al nombre Rey de Inglaterra
9 (RLIN) 46660
245 10 - MENCIÓN DEL TÍTULO
Título Duque de Windsor
Resto del título : album de familia /
Mención de responsabilidad, etc. Eduardo VIII, Rey de Inglaterra ; [versión española de Enrique de Juan].
250 ## - MENCION DE EDICION
Mención de edición [1ª ed.].
260 ## - PUBLICACIÓN, DISTRIBUCIÓN, ETC.
Lugar de publicación, distribución, etc. Barcelona, etc. :
Nombre del editor, distribuidor, etc. Plaza & Janés,
Fecha de publicación, distribución, etc. [1961]
300 ## - DESCRIPCIÓN FÍSICA
Extensión 156 p., 8 lám. ;
Dimensiones 20 cm.
700 1# - ENTRADA AGREGADA--NOMBRE PERSONAL
Nombre de persona Juan, Enrique de.
9 (RLIN) 67090
852 ## - LOCALIZACIÓN
Ubicación ES-MaACL
Número de control de estantería C-20338
Sublocalización o colección R.48257
Holdings
Estatus retirado Estado de pérdida Estado de daño No para préstamo Biblioteca de origen Biblioteca actual Ubicación en estantería Fecha de adquisición Fuente de adquisición Total de préstamos Signatura topográfica completa Código de barras Visto por última vez Precio de reemplazo Tipo de ítem Koha
        Biblioteca del Ateneo de Madrid Biblioteca del Ateneo de Madrid Galería 17/01/2008     C-20338 1061466 23/02/2023 23/02/2023 Libro impreso